Statistics for Harry Potter and The Chamber of Secrets trivia

Click here to take the quiz!

General Stats

  • This quiz has been taken 41 times
  • The average score is 7 of 15

Answer Stats

HintAnswer% Correct
Who is 5 time winner of witch weekly's most charming smile awardGilderoy Lockhart
79%
Who is framed as the heir of SlytherinHagrid
76%
Who was the only person killed by the BasiliskMoaning Myrtle
73%
What family did Dobby servethe Malfoys
73%
What does Hermione use to look around corners to avoid the Basiliska mirror
70%
How does the basilisk move around the schoolpipes
67%
What creatures did lockhart set loose in classcornish pixies
48%
What spell backfires when Ron tries to curse Malfoyeat slugs
45%
Which Hufflepuff student strongly believes Harry is the heir of SlytherinErnie Macmillan
39%
What plant cures things that are petrifiedmandrakes
36%
Who does Harry tell the snake not to attack in dueling clubJustin Finch-Fletchley
33%
What spell does Hermione use on the creatures in that classimmobulus
24%
What do Harry and Ron hide in to hear that Ginny was taken into the chambera wardrobe
18%
In the movie what does Dobby hit his head with in the hospital wingSkele-gro
18%
What does harry do to end up in knockturn alley in the booksneezes
9%

Score Distribution

Percentile by Number Answered

Percent of People with Each Score

Your Score History

You have not taken this quiz